[Event "World Rapid Women 2021"]
[Site "Warsaw POL"]
[Date "2021.12.26"]
[Round "3.49"]
[White "Kolaric, Spela"]
[Black "Dylag, Emilia"]
[Result "0-1"]
[WhiteTitle "WFM"]
[BlackTitle "WFM"]
[WhiteElo "2185"]
[BlackElo "1956"]
[WhiteFideId "14607093"]
[BlackFideId "21805172"]
[EventDate "2021.12.26"]

1. e4 e5 2. Nf3 Nc6 3. d4 exd4 4. Bc4 Bc5 5. c3 Nf6 6. cxd4 Bb4+ 7. Bd2 Bxd2+ 8.
Nbxd2 d5 9. exd5 Nxd5 10. O-O O-O 11. Rc1 Nb6 12. Bb3 Bg4 13. h3 Bh5 14. Rc5 Bg6
15. Qc1 Rc8 16. Qc3 Nd7 17. Rg5 Nf6 18. Re1 Qd6 19. Rb5 Rb8 20. Nc4 Qd8 21. Nce5
Ne4 22. Qe3 Nxe5 23. dxe5 Qe7 24. Qxa7 c6 25. Ra5 Rfd8 26. Qe3 b6 27. Ra4 Nc5
28. Rc4 Rd3 29. Qc1 Rxf3 30. gxf3 Nd3 31. Qe3 Nxe1 32. Qxe1 Re8 33. f4 Bf5 34.
Qe3 c5 35. Rc1 Rd8 36. Rd1 Rxd1+ 37. Bxd1 Qd7 38. Qf3 Bxh3 39. Kh2 Be6 40. b3
Qd5 41. Qe3 Qxd1 0-1

[Event "World Rapid Women 2021"]
[Site "Warsaw POL"]
[Date "2021.12.26"]
[Round "3.50"]
[White "Utiatskaja, Irina"]
[Black "Katkov, Michelle"]
[Result "1-0"]
[WhiteTitle "WIM"]
[BlackTitle "WFM"]
[WhiteElo "2184"]
[BlackElo "2151"]
[WhiteFideId "24140848"]
[BlackFideId "2816393"]
[EventDate "2021.12.26"]

1. e4 e5 2. Nf3 Nc6 3. Bc4 Bc5 4. d3 Nf6 5. O-O O-O 6. Re1 d6 7. c3 Bb6 8. h3 h6
9. Nbd2 Ne7 10. Bb3 Ng6 11. Nc4 Be6 12. a4 c6 13. Nxb6 Qxb6 14. Bxe6 fxe6 15. a5
Qc7 16. b4 Nf4 17. Bxf4 exf4 18. e5 Nd5 19. Qb3 Rae8 20. c4 Ne7 21. exd6 Qxd6
22. d4 Nf5 23. Qc3 g5 24. Re4 Kh7 25. Rae1 Rg8 26. Ne5 Qe7 27. Ng4 h5 28. Rxe6
Qxe6 29. Rxe6 Rxe6 30. Ne5 Nd6 31. d5 cxd5 32. cxd5 Re7 33. Nf3 Ne4 34. Qd3 Kh6
35. d6 Re6 36. d7 Rd8 37. Qd5 Re7 38. Ne5 Nf6 39. Qd6 1-0

[Event "World Rapid Women 2021"]
[Site "Warsaw POL"]
[Date "2021.12.26"]
[Round "4.1"]
[White "Kosteniuk, Alexandra"]
[Black "Shuvalova, Polina"]
[Result "1-0"]
[WhiteTitle "GM"]
[BlackTitle "IM"]
[WhiteElo "2516"]
[BlackElo "2516"]
[WhiteFideId "4128125"]
[BlackFideId "24171760"]
[EventDate "2021.12.26"]

1. e4 e5 2. Nf3 Nc6 3. Bc4 Bc5 4. d3 Nf6 5. a4 h6 6. a5 a6 7. c3 d6 8. O-O O-O
9. Re1 Ba7 10. Be3 Bxe3 11. Rxe3 Re8 12. Qb3 Qe7 13. Nbd2 Rb8 14. d4 Bd7 15. h3
g6 16. Bf1 Kg7 17. Qc4 Rbc8 18. b4 Qf8 19. Qb3 g5 20. b5 axb5 21. Bxb5 Ra8 22.
Nc4 exd4 23. cxd4 Ra7 24. d5 Ne7 25. Nd4 c6 26. Ba4 cxd5 27. Bxd7 dxc4 28. Qc3
Rd8 29. Bb5 d5 30. f3 dxe4 31. fxe4 Kg8 32. Bxc4 Qg7 33. Rf1 Rc8 34. Ne6 Qh8 35.
Nc7 Rxc7 36. Bxf7+ Kxf7 37. Qxc7 Ke6 38. Qc4+ Kd7 39. Qd4+ Ke6 40. Qxa7 1-0

[Event "World Rapid Women 2021"]
[Site "Warsaw POL"]
[Date "2021.12.26"]
[Round "4.2"]
[White "Gunina, Valentina"]
[Black "Paehtz, Elisabeth"]
[Result "1-0"]
[WhiteTitle "GM"]
[BlackTitle "IM"]
[WhiteElo "2471"]
[BlackElo "2507"]
[WhiteFideId "4167570"]
[BlackFideId "4641833"]
[EventDate "2021.12.26"]

1. d4 e6 2. c4 Bb4+ 3. Bd2 a5 4. Nf3 d6 5. g3 Nc6 6. Bg2 e5 7. O-O Nxd4 8. Nxd4
exd4 9. Bxb4 axb4 10. Qxd4 Nf6 11. Qd2 c5 12. Rd1 Ra6 13. a3 O-O 14. b3 Qe7 15.
Ra2 bxa3 16. Rxa3 Rxa3 17. Nxa3 Rd8 18. Nb5 Bg4 19. h3 Be6 20. Qa5 g6 21. Qb6
Ne8 22. Kh2 Rd7 23. e3 h5 24. Rd2 Kg7 25. Qa5 Nf6 26. Qa1 Bf5 27. e4 Be6 28. Rd3
Kg8 29. Nxd6 h4 30. e5 hxg3+ 31. fxg3 Ne8 32. Qa8 Kf8 33. Qa7 Nxd6 34. exd6 Qg5
35. Qa1 Kg8 36. Qd1 Qe5 37. Qd2 Kg7 38. Qf4 Qxf4 39. gxf4 Kf6 40. Kg3 Bf5 41.
Rd2 Ke6 42. b4 b6 43. bxc5 bxc5 44. Bd5+ Kf6 45. Bc6 Rd8 46. h4 Be6 47. Bb5 Ra8
48. Kf2 Rh8 49. Ke3 Ra8 50. Ke4 Rd8 51. Ke3 Ra8 52. Rd3 Rd8 53. Rd1 Ra8 54. Ke4
Rd8 55. Rd2 Ra8 56. d7 Rd8 57. Rd6 Ke7 58. Rb6 Rh8 59. Rb7 Kd6 60. Ra7 Bf5+ 61.
Ke3 Rd8 62. Ra6+ Ke7 63. Ra7 Kd6 64. Kf3 Bxd7 65. Rxd7+ Rxd7 66. Bxd7 Kxd7 67.
Ke4 Ke6 68. f5+ Kf6 69. Kf4 Kg7 70. Kg5 f6+ 71. Kf4 Kh6 72. fxg6 Kxg6 73. Kg4
f5+ 74. Kf4 Kf6 75. h5 1-0

[Event "World Rapid Women 2021"]
[Site "Warsaw POL"]
[Date "2021.12.26"]
[Round "4.3"]
[White "Dzagnidze, Nana"]
[Black "Pavlidou, Ekaterini"]
[Result "1-0"]
[WhiteTitle "GM"]
[BlackTitle "WIM"]
[WhiteElo "2531"]
[BlackElo "2203"]
[WhiteFideId "13601903"]
[BlackFideId "4213262"]
[EventDate "2021.12.26"]

1. d4 Nf6 2. c4 e6 3. Nc3 Bb4 4. e3 O-O 5. Bd3 d5 6. Nf3 c5 7. a3 Bxc3+ 8. bxc3
dxc4 9. Bxc4 Qc7 10. Ba2 b6 11. O-O Bb7 12. Bb2 c4 13. Qe2 b5 14. a4 a6 15. Bb1
Nbd7 16. e4 e5 17. d5 Nc5 18. Bc2 Nfd7 19. Ba3 Rfe8 20. Rfb1 Nxa4 21. Bxa4 bxa4
22. Nd2 Rec8 23. Rb4 a5 24. Rxc4 Qd8 25. Rb1 Ba6 26. Rxc8 Qxc8 27. Qe3 Rb8 28.
Rxb8 Qxb8 29. c4 Nb6 30. c5 Nc4 31. Nxc4 Bxc4 32. c6 Qb1+ 33. Qc1 Qxc1+ 34. Bxc1
Bb5 35. Ba3 f6 36. f3 Kf7 37. Kf2 Ke8 38. Ke3 g6 39. g3 g5 40. f4 gxf4+ 41. gxf4
Kf7 42. Bb2 exf4+ 43. Kxf4 Ke7 44. Kf5 Bd3 45. Bxf6+ Kd6 46. Bb2 Kc7 47. Ba3 Bc2
48. Ke5 Bd3 49. Kd4 Bf1 50. Kc5 Bg2 51. d6+ Kc8 52. d7+ Kc7 53. Bc1 1-0

[Event "World Rapid Women 2021"]
[Site "Warsaw POL"]
[Date "2021.12.26"]
[Round "4.4"]
[White "Bodnaruk, Anastasia"]
[Black "Goryachkina, Aleksandra"]
[Result "1-0"]
[WhiteTitle "IM"]
[BlackTitle "GM"]
[WhiteElo "2396"]
[BlackElo "2610"]
[WhiteFideId "4181751"]
[BlackFideId "4147103"]
[EventDate "2021.12.26"]

1. e4 e5 2. Nf3 Nc6 3. Bb5 Nf6 4. d3 Bc5 5. c3 O-O 6. Bg5 d6 7. Nbd2 a6 8. Ba4
b5 9. Bb3 Be6 10. Bd5 Bxd5 11. exd5 Nb8 12. Ne4 Nbd7 13. Nfd2 h6 14. h4 hxg5 15.
hxg5 g6 16. Qf3 Nh5 17. Rxh5 f5 18. Rh6 Kg7 19. Qh3 Rh8 20. O-O-O Qg8 21. Rh1
Rxh6 22. gxh6+ Kh8 23. Ng5 Qxd5 24. h7 Qxa2 25. Qh6 Bxf2 26. Qxg6 Rf8 27. Ne6
Qa1+ 28. Kc2 Qa4+ 29. Kb1 Qg4 30. Nxf8 1-0

[Event "World Rapid Women 2021"]
[Site "Warsaw POL"]
[Date "2021.12.26"]
[Round "4.5"]
[White "Vaishali, R"]
[Black "Muzychuk, Mariya"]
[Result "1-0"]
[WhiteTitle "IM"]
[BlackTitle "GM"]
[WhiteElo "2401"]
[BlackElo "2539"]
[WhiteFideId "5091756"]
[BlackFideId "14114550"]
[EventDate "2021.12.26"]

1. e4 c5 2. Nf3 e6 3. d4 cxd4 4. Nxd4 Nf6 5. Nc3 Nc6 6. a3 Be7 7. Nxc6 bxc6 8.
e5 Nd5 9. Qg4 g6 10. Bd2 f5 11. exf6 Bxf6 12. Bd3 Nxc3 13. Bxc3 Bxc3+ 14. bxc3
Qf6 15. O-O O-O 16. Qc4 Qf4 17. Qc5 Qc7 18. Rae1 d6 19. Qg5 Qg7 20. c4 Qf6 21.
Qg3 Qf4 22. Qxf4 Rxf4 23. g3 Rf7 24. c5 d5 25. f4 Rb8 26. Kf2 Rfb7 27. Ke3 Kg7
28. Kd4 Kf6 29. h4 Rb2 30. h5 Ra2 31. hxg6 hxg6 32. Ra1 Rbb2 33. Rxa2 Rxa2 34.
g4 Rxa3 35. g5+ Kg7 36. Ke5 Ba6 37. Bxa6 Rxa6 38. Kxe6 Ra2 39. Rb1 Rxc2 40. Rb7+
Kf8 41. Kf6 Ke8 42. Kxg6 d4 43. Rb4 d3 44. Rd4 Rf2 45. f5 d2 46. f6 a5 47. Kg7
a4 48. g6 a3 49. f7+ Ke7 50. Rxd2 1-0

[Event "World Rapid Women 2021"]
[Site "Warsaw POL"]
[Date "2021.12.26"]
[Round "4.6"]
[White "Gaponenko, Inna"]
[Black "Bivol, Alina"]
[Result "1/2-1/2"]
[WhiteTitle "IM"]
[BlackTitle "IM"]
[WhiteElo "2347"]
[BlackElo "2368"]
[WhiteFideId "14101181"]
[BlackFideId "4100123"]
[EventDate "2021.12.26"]

1. e4 e6 2. d4 d5 3. exd5 exd5 4. Nf3 Nf6 5. c4 Be7 6. Nc3 O-O 7. Bd3 dxc4 8.
Bxc4 Nbd7 9. O-O Nb6 10. Bb3 Nbd5 11. Re1 c6 12. Nxd5 cxd5 13. Bg5 h6 14. Bh4
Be6 15. Bc2 Re8 16. Ne5 Ne4 17. Bxe7 Rxe7 18. Bxe4 dxe4 19. Rxe4 Qd5 20. Re3 Rc7
21. Rc3 Re7 22. Re3 Rc8 23. Qd2 Rd8 24. Nf3 Rc7 25. h3 Rdc8 26. Rc3 Rxc3 27.
bxc3 Bxh3 28. Ne5 Be6 29. c4 Qd6 30. Rc1 Rd8 31. Nf3 Bg4 32. Qe3 Bxf3 33. Qxf3
Qxd4 34. Qxb7 Qf4 35. Re1 Qxc4 36. Qxa7 Qd5 1/2-1/2

[Event "World Rapid Women 2021"]
[Site "Warsaw POL"]
[Date "2021.12.26"]
[Round "4.7"]
[White "Pourkashiyan, Atousa"]
[Black "Buksa, Nataliya"]
[Result "0-1"]
[WhiteTitle "WGM"]
[BlackTitle "IM"]
[WhiteElo "2322"]
[BlackElo "2401"]
[WhiteFideId "12502014"]
[BlackFideId "14123622"]
[EventDate "2021.12.26"]

1. e4 c5 2. Nf3 Nc6 3. d4 cxd4 4. Nxd4 Nf6 5. Nc3 e5 6. Ndb5 d6 7. Bg5 a6 8. Na3
b5 9. Nd5 Be7 10. Bxf6 Bxf6 11. c4 b4 12. Nc2 O-O 13. Be2 a5 14. O-O g6 15. Qd3
Bg7 16. Rfd1 Ra7 17. a3 bxa3 18. Nxa3 Rb7 19. Nb5 Nd4 20. Ndc3 f5 21. Nxd4 exd4
22. Nb5 fxe4 23. Qxe4 Rbf7 24. Nxd4 Re8 25. Qc2 Bxd4 26. Rxd4 Qf6 27. Re4 Qxf2+
28. Kh1 Ref8 29. Qd1 Bb7 30. Rg4 Re8 31. Bf1 Qxb2 32. h3 Qc3 33. Kg1 Rfe7 34.
Rc1 Qe3+ 35. Kh2 Qe5+ 36. Kh1 Qe3 37. Kh2 Kg7 38. Rb1 Qe5+ 39. Kg1 Be4 40. Rb5
Qf6 41. Rxa5 Rf7 42. Ra1 h5 43. Rxe4 Rxe4 44. Rc1 Qf2+ 45. Kh2 Qf4+ 46. Kh1 Rfe7
47. Qc2 Kh7 48. Rb1 Re1 49. Rxe1 Rxe1 0-1

[Event "World Rapid Women 2021"]
[Site "Warsaw POL"]
[Date "2021.12.26"]
[Round "4.8"]
[White "Efroimski, Marsel"]
[Black "Badelka, Olga"]
[Result "1/2-1/2"]
[WhiteTitle "IM"]
[BlackTitle "IM"]
[WhiteElo "2429"]
[BlackElo "2453"]
[WhiteFideId "2810964"]
[BlackFideId "13509926"]
[EventDate "2021.12.26"]

1. e4 e5 2. Nf3 Nc6 3. Nc3 Nf6 4. Bb5 Bd6 5. d3 O-O 6. a3 a6 7. Bc4 b5 8. Ba2 b4
9. axb4 Bxb4 10. O-O Bxc3 11. bxc3 d5 12. Bg5 dxe4 13. dxe4 Qxd1 14. Rfxd1 Be6
15. Bd5 Bxd5 16. exd5 Ne7 17. c4 Ng6 18. Bxf6 gxf6 19. Nd2 Rfd8 20. Nb3 f5 21.
Ra4 e4 22. Rda1 c6 23. dxc6 Ne5 24. c7 Rdc8 25. Rxa6 Rxa6 26. Rxa6 Rxc7 27. c5
Nc6 28. h4 Nb4 29. Rf6 Nxc2 30. Rxf5 e3 31. fxe3 Nxe3 32. Re5 Nc4 33. Re4 Nb2
34. Rd4 Kg7 35. Kf2 Rb7 36. Nd2 Rc7 37. Ne4 f5 38. Ng5 Kf6 39. Rd6+ Ke7 40. Re6+
Kd7 41. c6+ Rxc6 42. Rxc6 Kxc6 43. Nxh7 Kd6 44. Ng5 Ke5 45. Nf3+ Kf6 46. Ke3
Nd1+ 47. Kf4 Nc3 48. Nd4 Nd5+ 49. Kf3 Ke5 50. Nc2 Kf6 51. Ne3 Nc3 52. Nc4 Ke6
53. Kf4 Kf6 54. Nd6 Nd5+ 55. Kf3 Ke5 56. Nc4+ Kf6 57. Nb2 Ke5 58. Nd3+ Kf6 59.
Nf4 Nc3 60. Ke3 Ke5 61. Nd3+ Kf6 62. Kd4 Ne2+ 63. Kd5 Nc3+ 64. Kd6 Ne4+ 65. Kd7
Ng3 66. Ke8 Nh5 67. Kf8 f4 68. Kg8 Kf5 69. Nf2 Kg6 70. Kf8 Ng3 71. Nh3 Kh5 72.
Nxf4+ Kxh4 73. Kf7 Kg4 74. Nd3 Ne2 75. Kf6 Kg3 76. Ne1 Nf4 77. Kf5 Nxg2 78. Nxg2
Kxg2 79. Ke4 1/2-1/2

[Event "World Rapid Women 2021"]
[Site "Warsaw POL"]
[Date "2021.12.26"]
[Round "4.9"]
[White "Koneru, Humpy"]
[Black "Serikbay, Assel"]
[Result "1/2-1/2"]
[WhiteTitle "GM"]
[BlackTitle "WIM"]
[WhiteElo "2586"]
[BlackElo "2263"]
[WhiteFideId "5008123"]
[BlackFideId "13706799"]
[EventDate "2021.12.26"]

1. d4 d5 2. c4 c6 3. cxd5 cxd5 4. Nc3 Nf6 5. Nf3 Nc6 6. Bf4 a6 7. e3 e6 8. Bd3
Bd6 9. Bg3 Bxg3 10. hxg3 b5 11. Rc1 Bb7 12. a4 b4 13. Nb1 Qd6 14. Nbd2 e5 15.
dxe5 Nxe5 16. Nb3 Nxd3+ 17. Qxd3 Ne4 18. Nfd2 Nxd2 19. Qxd2 Bc6 20. Nd4 Bxa4 21.
Nf5 Qe5 22. Qxb4 Qxf5 23. Qxa4+ Qd7 24. Qxd7+ Kxd7 25. Rh5 Rab8 26. Rxd5+ Ke6
27. Rd2 Rb6 28. Rcc2 h5 29. Ke2 g6 30. f4 Rhb8 31. Kf3 Kf6 32. e4 R8b7 33. g4
Rb3+ 34. Rc3 hxg4+ 35. Kg3 Kg7 36. Rxb3 Rxb3+ 37. Kxg4 a5 38. e5 a4 39. g3 Kf8
40. Kg5 Ke7 41. g4 Ke6 42. Rd6+ Ke7 43. Ra6 Rxb2 44. Rxa4 Ke6 45. Ra6+ Ke7 46.
Ra7+ Ke6 47. Ra6+ Ke7 48. Kh6 Rg2 49. g5 Rf2 50. Ra4 Kf8 51. Ra8+ Ke7 52. Ra4
Kf8 53. Ra8+ Ke7 54. Kg7 Rxf4 55. Ra6 Rf5 56. Rf6 Rxg5 57. Rxf7+ Ke6 58. Rf6+
Kxe5 59. Rxg6 Rxg6+ 60. Kxg6 1/2-1/2

[Event "World Rapid Women 2021"]
[Site "Warsaw POL"]
[Date "2021.12.26"]
[Round "4.10"]
[White "Nomin-Erdene, Davaademberel"]
[Black "Lagno, Kateryna"]
[Result "0-1"]
[WhiteTitle "IM"]
[BlackTitle "GM"]
[WhiteElo "2391"]
[BlackElo "2550"]
[WhiteFideId "4900782"]
[BlackFideId "14109336"]
[EventDate "2021.12.26"]

1. e4 e5 2. Nf3 Nc6 3. Bc4 Nf6 4. d4 exd4 5. e5 Ne4 6. O-O d5 7. Bb5 Bd7 8. Bxc6
bxc6 9. Nxd4 c5 10. Ne2 Bc6 11. Nf4 Qd7 12. Re1 O-O-O 13. Nd2 Qf5 14. Nxe4 dxe4
15. Qe2 Bb7 16. Qh5 g5 17. Ne2 Be7 18. Ng3 Qxe5 19. Qxf7 Rdf8 20. Qc4 Bd6 21.
Bd2 h5 22. Bc3 Qf4 23. Bxh8 h4 24. Nxe4 Qxh2+ 25. Kf1 Rxh8 26. Qe6+ Kb8 27. Qh3
Ba6+ 28. Re2 Qe5 29. Qb3+ Ka8 30. c4 Qh2 31. Ree1 Rb8 32. Qa4 Bb7 33. Qc2 Qh1+
34. Ke2 Qxg2 35. Nxd6 cxd6 36. Qf5 Qc6 37. b3 a5 38. Kd2 Qb6 39. Qxg5 h3 40. Qg3
Rh8 41. Qg7 Rh4 42. Qg3 Rh8 43. Qg7 Rh4 44. Qg3 Qd8 45. Kc2 h2 46. f3 Qh8 47.
Rh1 Rh3 48. Qxd6 Bxf3 49. Qxc5 Be4+ 50. Kd2 Qb2+ 51. Ke1 Qxa1+ 52. Kf2 Qb2+ 53.
Ke1 Qc1+ 54. Ke2 Qe3+ 55. Qxe3 Rxe3+ 56. Kxe3 Bxh1 57. Kd4 0-1

[Event "World Rapid Women 2021"]
[Site "Warsaw POL"]
[Date "2021.12.26"]
[Round "4.11"]
[White "Ovod, Evgenija"]
[Black "Muzychuk, Anna"]
[Result "1-0"]
[WhiteTitle "IM"]
[BlackTitle "GM"]
[WhiteElo "2366"]
[BlackElo "2531"]
[WhiteFideId "4131827"]
[BlackFideId "14111330"]
[EventDate "2021.12.26"]

1. e4 e5 2. Nf3 Nc6 3. Bc4 Bc5 4. O-O Nf6 5. d3 d6 6. c3 a5 7. Nbd2 O-O 8. h3
Be6 9. Bb5 Qb8 10. Nb3 Bb6 11. Bg5 Nd7 12. d4 a4 13. Nc1 exd4 14. cxd4 d5 15. e5
Qa7 16. Ne2 a3 17. bxa3 Qxa3 18. Nf4 Qb2 19. a4 h6 20. Nd3 Qxa1 21. Qxa1 hxg5
22. Bxc6 bxc6 23. Nxg5 Ra5 24. Nb4 Rfa8 25. Nxc6 Rxa4 26. Qb1 Nf8 27. Ne7+ Kh8
28. Qd1 g6 29. Qf3 Nh7 30. Nxe6 fxe6 31. Qf7 1-0

[Event "World Rapid Women 2021"]
[Site "Warsaw POL"]
[Date "2021.12.26"]
[Round "4.12"]
[White "Stefanova, Antoaneta"]
[Black "Movsesian, Julia"]
[Result "1/2-1/2"]
[WhiteTitle "GM"]
[BlackTitle "WGM"]
[WhiteElo "2469"]
[BlackElo "2300"]
[WhiteFideId "2902257"]
[BlackFideId "4139690"]
[EventDate "2021.12.26"]

1. d4 d5 2. c4 e6 3. Nf3 c6 4. Qc2 dxc4 5. Qxc4 b5 6. Qc2 Nf6 7. Bg5 a6 8. Nbd2
Qb6 9. Bxf6 gxf6 10. e3 Nd7 11. Rc1 Bb7 12. Nb3 Rc8 13. Nc5 Bxc5 14. dxc5 Qa5+
15. Nd2 f5 16. Be2 Rd8 17. a3 Nf6 18. Bf3 O-O 19. Qc3 Qxc3 20. bxc3 e5 21. Nb3
e4 22. Be2 Bc8 23. c4 Be6 24. Nd4 Rc8 25. O-O Nd7 26. cxb5 axb5 27. Rfd1 Ne5 28.
Nxe6 fxe6 29. Rd6 Kf7 30. f4 exf3 31. gxf3 Ke7 32. f4 Nd7 33. Bf3 Rg8+ 34. Kf1
Nxc5 35. Rxc6 Rxc6 36. Bxc6 Nb3 37. Rd1 Rc8 38. Bxb5 Rc2 39. Ba4 Rb2 40. Rd7+
Kf6 41. Bxb3 Rxb3 42. Kf2 Rxa3 43. Rxh7 Kg6 44. Re7 Kf6 45. Rb7 Ra2+ 46. Kg3 Ra3
47. Kf3 Ra6 48. Rb5 Kg6 49. Rb2 Kf6 50. Rg2 e5 51. fxe5+ Kxe5 52. Rg8 Ra1 53.
Rg6 Rf1+ 54. Ke2 Rh1 55. Rh6 Ra1 56. Kf2 Rb1 57. h4 f4 58. Rh5+ Ke4 59. exf4
Kxf4 60. Rh8 Rb2+ 61. Ke1 Rb1+ 62. Ke2 Rb2+ 63. Kd3 Rh2 64. h5 Kg5 65. Rg8+ Kh6
66. Ke4 1/2-1/2

[Event "World Rapid Women 2021"]
[Site "Warsaw POL"]
[Date "2021.12.26"]
[Round "4.13"]
[White "Injac, Teodora"]
[Black "Atalik, Ekaterina"]
[Result "0-1"]
[WhiteTitle "WGM"]
[BlackTitle "IM"]
[WhiteElo "2407"]
[BlackElo "2420"]
[WhiteFideId "932400"]
[BlackFideId "4130189"]
[EventDate "2021.12.26"]

1. Nf3 d5 2. g3 c6 3. Bg2 Nf6 4. O-O g6 5. b3 Bg7 6. Bb2 O-O 7. c4 dxc4 8. bxc4
c5 9. d3 Nc6 10. Nbd2 Qc7 11. Nb3 b6 12. Rb1 Bb7 13. Qc1 Rad8 14. Bc3 Ba8 15.
Qb2 Rfe8 16. Ne5 Nxe5 17. Bxe5 Qc8 18. Nd2 Bxg2 19. Kxg2 Qc6+ 20. Nf3 Nh5 21.
Rfd1 Bxe5 22. Qxe5 Ng7 23. Kg1 Nf5 24. Qb2 Nd4 25. Nxd4 Rxd4 26. Qb5 Qxb5 27.
Rxb5 e5 28. a4 e4 29. a5 exd3 30. exd3 Re6 31. axb6 axb6 32. Rb3 Red6 33. Kg2
Rxc4 34. Rxb6 Rxb6 35. dxc4 Rb4 36. Rc1 Rb3 37. g4 Kg7 38. g5 Rd3 39. h4 Rd4 40.
Kg3 h6 41. f3 hxg5 42. hxg5 Kf8 43. Rc3 Ke7 44. Kf2 Ke6 45. Re3+ Kf5 46. Re7
Kxg5 47. Re5+ Kf4 48. Rxc5 Rd2+ 49. Ke1 Ra2 50. Rc7 f5 51. c5 g5 52. c6 Kxf3 53.
Kd1 Ra4 54. Rf7 f4 55. Rf5 Rc4 56. Rxg5 Rxc6 57. Ke1 Rc1+ 58. Kd2 Rh1 59. Rg8
Kf2 60. Rf8 f3 61. Kd3 Rh7 62. Ke4 Re7+ 63. Kf4 Ke2 64. Kg3 Rg7+ 65. Kh2 f2 66.
Re8+ Kf1 67. Rf8 Rh7+ 68. Kg3 Kg1 0-1

[Event "World Rapid Women 2021"]
[Site "Warsaw POL"]
[Date "2021.12.26"]
[Round "4.14"]
[White "Mammadova, Gulnar"]
[Black "Doluhanova, Evgeniya"]
[Result "1-0"]
[WhiteTitle "IM"]
[BlackTitle "WGM"]
[WhiteElo "2387"]
[BlackElo "2264"]
[WhiteFideId "13403508"]
[BlackFideId "14112035"]
[EventDate "2021.12.26"]

1. e4 e5 2. Nf3 Nc6 3. Bc4 Bc5 4. b4 Bxb4 5. c3 Ba5 6. d4 exd4 7. O-O d3 8. Qb3
Qe7 9. Ba3 Qf6 10. e5 Qg6 11. Nbd2 Nge7 12. Rfe1 O-O 13. Ne4 d5 14. exd6 cxd6
15. Nxd6 Bg4 16. Re3 Bb6 17. Rxd3 Bxf3 18. Rxf3 Ne5 19. Rg3 Qf6 20. Ne4 Qh4 21.
Re1 Nxc4 22. Rh3 Qf4 23. Bxe7 Rfe8 24. Rf3 Qc7 25. Nf6+ Kh8 26. Qc2 gxf6 27.
Bxf6+ Kg8 28. Rg3+ Qxg3 29. Rxe8+ Rxe8 30. hxg3 Re1+ 31. Kh2 Nd6 32. Qd2 Re6 33.
Qg5+ Kf8 34. Qg7+ Ke8 35. f3 Kd7 36. c4 Kc6 37. g4 Be3 38. Kg3 h6 39. Bd4 Rg6
40. Qxg6 fxg6 41. Bxe3 g5 42. f4 gxf4+ 43. Kxf4 a6 44. Bc1 Nxc4 45. Kf5 Nd6+ 46.
Ke6 Ne4 47. Bxh6 Nc5+ 48. Ke7 Nd3 49. g5 Ne5 50. Ke6 Ng6 51. Kf6 Nf4 52. g6 Nd5+
53. Kf7 1-0

[Event "World Rapid Women 2021"]
[Site "Warsaw POL"]
[Date "2021.12.26"]
[Round "4.15"]
[White "Kulon, Klaudia"]
[Black "Batsiashvili, Nino"]
[Result "0-1"]
[WhiteTitle "IM"]
[BlackTitle "GM"]
[WhiteElo "2335"]
[BlackElo "2491"]
[WhiteFideId "1131044"]
[BlackFideId "13602993"]
[EventDate "2021.12.26"]

1. d4 d5 2. Nf3 Nf6 3. Bf4 e6 4. e3 Bd6 5. Bg3 O-O 6. Nbd2 c5 7. c3 Qc7 8. Ne5
Nfd7 9. Bd3 f5 10. Nxd7 Bxd7 11. Bxd6 Qxd6 12. f4 Be8 13. O-O Nd7 14. Qe1 Bh5
15. Qh4 Nf6 16. h3 c4 17. Bc2 Be2 18. Rfe1 Bd3 19. Bxd3 cxd3 20. Red1 Ne4 21.
Nb3 a5 22. Rxd3 a4 23. Nc1 Qb6 24. Rb1 Rfc8 25. Qe1 a3 26. b4 Qb5 27. Rb3 Nd6
28. Rd1 Nc4 29. Nd3 Nb2 30. Nc5 Nxd1 31. Qxd1 Re8 32. Qf1 Qxf1+ 33. Kxf1 Re7 34.
b5 b6 35. Na6 h6 36. Ke2 g5 37. Kf3 Rg7 38. fxg5 hxg5 39. Rxa3 Kf7 40. Rb3 g4+
41. hxg4 Rxg4 42. Rb1 Rag8 43. Rg1 Rg3+ 44. Kf2 f4 45. exf4 Rxc3 46. Nb4 Ra8 47.
Rb1 Rc4 48. Ke3 Ra3+ 49. Kf2 Rxd4 50. g3 Rd2+ 51. Ke1 Rg2 52. Rb3 Rxb3 53. axb3
Rxg3 54. Nc6 Rxb3 0-1

[Event "World Rapid Women 2021"]
[Site "Warsaw POL"]
[Date "2021.12.26"]
[Round "4.16"]
[White "Berend, Elvira"]
[Black "Kamalidenova, Meruert"]
[Result "1-0"]
[WhiteTitle "WGM"]
[BlackTitle "WIM"]
[WhiteElo "2329"]
[BlackElo "2351"]
[WhiteFideId "4000510"]
[BlackFideId "13712802"]
[EventDate "2021.12.26"]

1. d4 Nf6 2. Nf3 g6 3. Bg5 Bg7 4. Nbd2 d5 5. Bxf6 Bxf6 6. e4 dxe4 7. Nxe4 Bg7 8.
Bb5+ c6 9. Be2 O-O 10. O-O Nd7 11. c3 Nf6 12. Nc5 Qc7 13. Ne5 Nd5 14. Ncd3 Bf5
15. Bg4 Bxg4 16. Nxg4 Rad8 17. Qf3 Nf6 18. Rfe1 Nxg4 19. Qxg4 b6 20. Qe4 e6 21.
a4 c5 22. dxc5 bxc5 23. Qc4 Rd5 24. g3 Rfd8 25. Nf4 Rd2 26. Re2 Qc6 27. Rae1 e5
28. Ng2 Rxe2 29. Rxe2 Rd1+ 30. Re1 Rd2 31. b4 Bf8 32. b5 Qf3 33. Rf1 Rd1 34. Ne3
Rxf1+ 35. Kxf1 Qh1+ 36. Ke2 Qxh2 37. a5 Qh1 38. Qb3 Qb7 39. b6 Bd6 40. Qd5 Qxd5
41. Nxd5 axb6 42. a6 Bb8 43. Nxb6 Kg7 44. Nc8 h5 45. a7 Bxa7 46. Nxa7 g5 47. Nb5
h4 48. gxh4 gxh4 49. Nd6 Kg6 50. Ne4 c4 51. Nd6 Kg5 52. Nxc4 Kf4 53. Kf1 h3 54.
Kg1 f6 55. Nd2 e4 56. c4 1-0

[Event "World Rapid Women 2021"]
[Site "Warsaw POL"]
[Date "2021.12.26"]
[Round "4.18"]
[White "Garcia Martin, Marta"]
[Black "Kovanova, Baira"]
[Result "1/2-1/2"]
[WhiteTitle "IM"]
[BlackTitle "WGM"]
[WhiteElo "2325"]
[BlackElo "2331"]
[WhiteFideId "32084030"]
[BlackFideId "4164083"]
[EventDate "2021.12.26"]

1. d4 d5 2. Nf3 Nf6 3. c4 e6 4. g3 dxc4 5. Bg2 c5 6. O-O Nc6 7. dxc5 Qxd1 8.
Rxd1 Bxc5 9. Nbd2 c3 10. bxc3 O-O 11. Ne1 Be7 12. Nd3 Rd8 13. Ne4 Nxe4 14. Bxe4
Bd7 15. Rb1 Na5 16. Bf4 Ba4 17. Bc7 Bxd1 18. Rxd1 b6 19. Bxa8 Rxa8 20. Nb4 Kf8
21. Na6 Rc8 22. g4 f6 23. h4 e5 24. e3 Ke8 25. f4 exf4 26. exf4 Nb7 27. Re1 Kf7
28. Bb8 Nc5 29. Nb4 Rxb8 30. Rxe7+ Kxe7 31. Nc6+ Kd6 32. Nxb8 Kc7 33. f5 Kxb8
34. g5 Kc7 35. g6 h6 1/2-1/2

[Event "World Rapid Women 2021"]
[Site "Warsaw POL"]
[Date "2021.12.26"]
[Round "4.19"]
[White "Garifullina, Leya"]
[Black "Kiolbasa, Oliwia"]
[Result "1-0"]
[WhiteTitle "WGM"]
[BlackTitle "WIM"]
[WhiteElo "2414"]
[BlackElo "2399"]
[WhiteFideId "34127035"]
[BlackFideId "1154613"]
[EventDate "2021.12.26"]

1. e4 e5 2. Nf3 Nc6 3. Bb5 a6 4. Ba4 Nf6 5. O-O Be7 6. Re1 b5 7. Bb3 d6 8. c3
O-O 9. h3 Bb7 10. d4 Re8 11. Nbd2 Bf8 12. d5 Nb8 13. Nf1 Nbd7 14. N3h2 Nc5 15.
Bc2 c6 16. dxc6 Bxc6 17. Bg5 h6 18. Bxf6 Qxf6 19. b4 Ne6 20. a4 Nf4 21. Ng3 g6
22. Qf3 h5 23. Ne2 Bg7 24. Red1 Rec8 25. axb5 Bxb5 26. Nc1 Rc6 27. Rd2 Rac8 28.
Ra3 Bh6 29. Rd1 Qe7 30. Re1 Ne6 31. Na2 Qc7 32. Nf1 Nd4 33. cxd4 Rxc2 34. dxe5
Qc4 35. e6 fxe6 36. Qf6 Be8 37. Ne3 Bxe3 38. Rexe3 Rb8 39. Rf3 Qxe4 40. Rae3 Qc4
41. Qf8+ Kh7 42. Qe7+ Kh6 43. Rf8 Qd4 44. Rxe6 Rxa2 45. Rff6 Bf7 46. Qxf7 Qd3
47. Rxg6+ 1-0